Mulūk wa-ṣaʻālīk, (Record no. 47400)

MARC details
000 -LEADER
fixed length control field 00546cam a22001931a 4500
001 - CONTROL NUMBER
control field ne 64002323
003 - CONTROL NUMBER IDENTIFIER
control field DLC
005 - DATE AND TIME OF LATEST TRANSACTION
control field 20260227111804.0
008 - FIXED-LENGTH DATA ELEMENTS--GENERAL INFORMATION
fixed length control field 831005s1958 ua 000 0 arar
010 ## - LIBRARY OF CONGRESS CONTROL NUMBER
LC control number ne 64002323
035 ## - SYSTEM CONTROL NUMBER
System control number (OCoLC)9982931
040 ## - CATALOGING SOURCE
Original cataloging agency DLC
Transcribing agency TxU
Modifying agency DLC
042 ## - AUTHENTICATION CODE
Authentication code premarc
050 00 - LIBRARY OF CONGRESS CALL NUMBER
Classification number CT203.A7
Item number J33
245 10 - TITLE STATEMENT
Title Mulūk wa-ṣaʻālīk,
Remainder of title ʻushrūn sīrah.
Statement of responsibility, etc. [taʼlīf] Ṣāliḥ Jawdat.
260 ## - PUBLICATION, DISTRIBUTION, ETC.
Place of publication, distribution, etc. al-Qāhirah,
Name of publisher, distributor, etc. Maktabat al-Nahḍah al-Miṣrīyah,
Date of publication, distribution, etc. 1958.
300 ## - PHYSICAL DESCRIPTION
Extent 343 p. ;
Dimensions 20 cm.
650 #0 - SUBJECT ADDED ENTRY--TOPICAL TERM
Topical term or geographic name entry element Biography.

No items available.

Powered by Koha